The beginning to read C : (Record no. 111582)
[ view plain ]
| 000 -LEADER | |
|---|---|
| fixed length control field | 00807nam a2200289 a 4500 |
| 001 - CONTROL NUMBER | |
| control field | 1216 |
| 005 - DATE AND TIME OF LATEST TRANSACTION | |
| control field | 20140414131918.0 |
| 008 - FIXED-LENGTH DATA ELEMENTS--GENERAL INFORMATION | |
| fixed length control field | 041110s19uu xx 00 eng d |
| 020 ## - INTERNATIONAL STANDARD BOOK NUMBER | |
| International Standard Book Number | 0-395-48011-6 |
| 050 ## - LIBRARY OF CONGRESS CALL NUMBER | |
| Classification number | TR 808.83 |
| Item number | B417 Bk. C |
| 245 ## - TITLE STATEMENT | |
| Title | The beginning to read C : |
| Remainder of title | good ideas. |
| 260 ## - PUBLICATION, DISTRIBUTION, ETC. (IMPRINT) | |
| Place of publication, distribution, etc | Boston, MA : |
| Name of publisher, distributor, etc | Houghton Mifflin, |
| Date of publication, distribution, etc | 1989. |
| 300 ## - PHYSICAL DESCRIPTION | |
| Extent | 80 p. : ill. ; cm. |
| 440 ## - SERIES STATEMENT/ADDED ENTRY--TITLE | |
| Title | Houghton Mifflin Readers |
| 500 ## - GENERAL NOTE | |
| General note | Contents: Pumpkin pumpkin--The Pig and the pencil--Water is wet--Happiness--Boo Bear takes a rest --My new boy--Mr. Robot. |
| 650 ## - SUBJECT ADDED ENTRY--TOPICAL TERM | |
| Topical term or geographic name as entry element | Reading. |
| 650 ## - SUBJECT ADDED ENTRY--TOPICAL TERM | |
| Topical term or geographic name as entry element | Children stories. |
| Withdrawn status | Lost status | Damaged status | Use restrictions | Home library | Current library | Shelving location | Date acquired | Source of acquisition | Total Checkouts | Full call number | Barcode | Date last seen | Price effective from | Koha item type |
|---|---|---|---|---|---|---|---|---|---|---|---|---|---|---|
| Munich Library | Munich Library | Teachers Reference Section | 11/10/2004 | TR 808.83 B417 Bk. C | M2380 | 04/14/2014 | 04/14/2014 | Books | ||||||
| Munich Library | Munich Library | Teachers Reference Section | 11/10/2004 | TR 808.83 B417 Bk. C | M4456 | 04/14/2014 | 04/14/2014 | Books | ||||||
| Munich Library | Munich Library | Teachers Reference Section | 02/09/2011 | TR 808.83 B417 Bk. C | M4457 | 04/14/2014 | 04/14/2014 | Books | ||||||
| Munich Library | Munich Library | Teachers Reference Section | 02/09/2011 | TR 808.83 B417 Bk. C | M4458 | 04/14/2014 | 04/14/2014 | Books | ||||||
| Munich Library | Munich Library | Teachers Reference Section | 02/09/2011 | TR 808.83 B417 Bk. C | M4459 | 04/14/2014 | 04/14/2014 | Books | ||||||
| Munich Library | Munich Library | Teachers Reference Section | 02/09/2011 | TR 808.83 B417 Bk. C | M4461 | 04/14/2014 | 04/14/2014 | Books | ||||||
| Munich Library | Munich Library | Teachers Reference Section | 02/09/2011 | TR 808.83 B417 Bk. C | M4462 | 04/14/2014 | 04/14/2014 | Books | ||||||
| Munich Library | Munich Library | Teachers Reference Section | 02/09/2011 | TR 808.83 B417 Bk. C | M4463 | 04/14/2014 | 04/14/2014 | Books | ||||||
| Munich Library | Munich Library | Teachers Reference Section | 02/09/2011 | TR 808.83 B417 Bk. C | M4466 | 04/14/2014 | 04/14/2014 | Books |